Oregon Counties by Population - Statistics

General Stats
  • This quiz has been taken 42 times
  • The average score is 29 of 36
Answer Stats
Population County % Correct
803,377 Multnomah
100%
422,537 Clackamas
96%
383,189 Lane
96%
347,119 Marion
96%
600,811 Washington
96%
223,734 Jackson
91%
53,074 Columbia
83%
204,801 Deschutes
83%
88,346 Josephine
83%
70,164 Klamath
83%
89,164 Polk
83%
27,748 Tillamook
83%
16,847 Baker
78%
96,017 Benton
78%
41,810 Clatsop
78%
64,999 Coos
78%
25,739 Crook
78%
23,683 Curry
78%
111,978 Douglas
78%
2,005 Gilliam
78%
7,272 Grant
78%
7,575 Harney
78%
24,057 Hood River
78%
25,068 Jefferson
78%
8,276 Lake
78%
129,839 Linn
78%
31,693 Malheur
78%
12,303 Morrow
78%
1,907 Sherman
78%
79,988 Umatilla
78%
26,212 Union
78%
7,545 Wallowa
78%
26,726 Wasco
78%
1,451 Wheeler
78%
108,239 Yamhill
78%
50,862 Lincoln
74%
No matching quizzes found
Score Distribution
Percent of People with Each Score
Percentile by Number Answered
Your Score History
You have not taken this quiz